000
00286 a2200121 4500
000
nam a22 7a 4500
005
20260202151714.0
020
_a
9789348409348
100
_a
Jawahar Lal Nehru
_9
1113183
245
_a
Meri Kahani
260
_b
Ananya Prakashan
_c
2025
942
_c
TEXL
999
_c
1678501
_d
1678501